Statistiques concernant Culture Générale - Série 2591

Cliquez ici pour prendre le quiz!

Statistiques générales

  • Ce quiz a été pris 86 fois
  • Le résultat moyen est 4 sur 10

Statistiques - réponses

QuestionRéponse% Correct
En quelle année a été créée la fête de la musique en France ?1982
73%
Coupe mythique faisant l'objet d'une quêtegraal
69%
De quel groupe de rock Phil Collins était-il le batteur et le chanteur ?Genesis
64%
Quel animal est appelé également baleine blanche, dauphin blanc et marsouin blanc ?béluga
44%
Pour quel rôle Anne Parillaud a-t-elle obtenu le césar de la meilleure actrice en 1991 (film de Luc Besson) ?Nikita
42%
Ile située au nord de Venise, dans la lagune .Murano
31%
Artisan ambulant se déplaçant autrefois, de ville en ville, avec une petite meule mobilerémouleur
29%
Quel nom d'oiseau donne-t-on à l' outil qui sert à crocheter les serrures ?rossignol
21%
Partie de la cuisse de veau au-dessus du jarret, coupée en rond - 7 lettres commençant par " r "rouelle
10%
Sous quel nom connait-on mieux la plante "calendula" à fleurs jaunes ou jaune orangé, dont la floraison commence aux premiers jours du printemps et peut durer presque toute l'année ?souci
6%

Distribution des résultats

Percentile par nombre de réponses

% des personnes avec chaque résultat

Votre développement - résultats

Vous n’avez pas pris ce quiz